<?xml version="1.0" encoding="UTF-8"?>
<marc:record xmlns:marc="http://www.loc.gov/MARC21/slim">
   <marc:leader>00000nam a2200000 a 4500</marc:leader>
   <marc:datafield ind1="1" ind2=" " tag="100">
      <marc:subfield code="a">Böhm, Andrea</marc:subfield>
      <marc:subfield code="4">aut</marc:subfield>
      <marc:subfield code="e">Verfasser/-in</marc:subfield>
   </marc:datafield>
   <marc:datafield ind1="0" ind2="0" tag="245">
      <marc:subfield code="a">Das Ende der westlichen Weltordnung</marc:subfield>
   </marc:datafield>
   <marc:datafield ind1="0" ind2="0" tag="245">
      <marc:subfield code="b">eine Erkundung auf vier Kontinenten</marc:subfield>
   </marc:datafield>
   <marc:datafield ind1="0" ind2="0" tag="245">
      <marc:subfield code="c">Andrea Böhm</marc:subfield>
   </marc:datafield>
   <marc:datafield ind1=" " ind2="1" tag="264">
      <marc:subfield code="a">München</marc:subfield>
      <marc:subfield code="b">Pantheon</marc:subfield>
      <marc:subfield code="c">2017</marc:subfield>
   </marc:datafield>
   <marc:datafield ind1=" " ind2=" " tag="250">
      <marc:subfield code="a">Erste Auflage</marc:subfield>
   </marc:datafield>
   <marc:datafield ind1="1" ind2=" " tag="520">
      <marc:subfield code="a">Angaben aus der Verlagsmeldung

Das Ende der westlichen Weltordnung : Eine Erkundung auf vier Kontinenten / von Andrea Böhm

Jenseits aller Gewissheiten

Frieden und Wohlstand in Europa sind längst nicht mehr selbstverständlich und die Bedeutung des Westens als geopolitische Macht und Norm stiftende Einheit schrumpft rapide. Wir im Westen bestimmen längst nicht mehr den Lauf der Welt - und vielleicht taten wir das auch nie wirklich. Andrea Böhm lässt alte Gewissheiten hinter sich und bereist die Orte jenseits der westlichen Weltordnung, die vielleicht unser aller Zukunft bestimmen werden.
</marc:subfield>
   </marc:datafield>
   <marc:datafield ind1=" " ind2=" " tag="020">
      <marc:subfield code="a">9783570552360</marc:subfield>
      <marc:subfield code="9">9783570552360</marc:subfield>
   </marc:datafield>
   <marc:datafield ind1=" " ind2=" " tag="020">
      <marc:subfield code="a">3570552365</marc:subfield>
      <marc:subfield code="9">3570552365</marc:subfield>
   </marc:datafield>
   <marc:datafield ind1=" " ind2=" " tag="041">
      <marc:subfield code="a">ger</marc:subfield>
   </marc:datafield>
   <marc:datafield ind1=" " ind2=" " tag="300">
      <marc:subfield code="a">271 Seiten</marc:subfield>
   </marc:datafield>
</marc:record>
